Examen y contraexamen de testigos en el proceso penal
Gespeichert in:
| 1. Verfasser: | |
|---|---|
| Format: | Buch |
| Sprache: | Spanisch |
| Veröffentlicht: |
Santiago
Metropolitana
2018
|
| Ausgabe: | 1a. ed |
| Schlagworte: | |
| Tags: |
Tag hinzufügen
Keine Tags, Fügen Sie den ersten Tag hinzu!
|
MARC
| LEADER | 00000cam a2200000 a 4500 | ||
|---|---|---|---|
| 001 | UCC4749 | ||
| 003 | CL-VaPUC | ||
| 008 | 180824e20180000cl |||||||||||||||||spa|d | ||
| 020 | |a 9789562862509 | ||
| 082 | 0 | 4 | |a 347.066 |b GAR |2 21 |
| 100 | |a Garrido Chacana, Carlos |9 737472 | ||
| 245 | 1 | 0 | |a Examen y contraexamen de testigos en el proceso penal |
| 250 | |a 1a. ed | ||
| 300 | |a 319 p | ||
| 942 | |c BK | ||
| 945 | |d 20180824 13:39:00 |a dcastane | ||
| 260 | |a Santiago |b Metropolitana |c 2018 | ||
| 650 | 7 | |a TESTIGOS |2 CL-VaPUC |9 598949 | |
| 650 | 0 | |a Derecho procesal penal |9 255496 | |
| 650 | 7 | |a GARANTIAS PROCESALES |2 CL-VaPUC |9 538785 | |
| 650 | 7 | |a TESTIGOS DE PRUEBA |2 CL-VaPUC |9 559517 | |
| 583 | |a last modification |c 20180824 13:39:00 |k Rodrigo Vera | ||
| 999 | |c 372167 |d 372165 | ||
| 952 | |0 0 |1 0 |3 erb |4 0 |6 347_066000000000000_GAR_2018 |7 0 |8 A |9 489446 |a BIBDER |b BIBDER |i 5491282 |l 7 |o 347.066 GAR 2018 |p 5491282 |r 2024-11-26 |s 2024-11-26 |w 2019-11-24 |y BK |z Catalogado en:20180824 |k DER | ||